<?xml version="1.0" encoding="UTF-8"?>
<record
    xmlns:xsi="http://www.w3.org/2001/XMLSchema-instance"
    xsi:schemaLocation="http://www.loc.gov/MARC21/slim http://www.loc.gov/standards/marcxml/schema/MARC21slim.xsd"
    xmlns="http://www.loc.gov/MARC21/slim">

  <leader>01373nam a22002777a 4500</leader>
  <controlfield tag="005">20170124103216.0</controlfield>
  <datafield tag="010" ind1=" " ind2=" ">
    <subfield code="a">B-067395</subfield>
  </datafield>
  <datafield tag="020" ind1=" " ind2=" ">
    <subfield code="c">00.00</subfield>
    <subfield code="a">8176563927</subfield>
  </datafield>
  <datafield tag="035" ind1=" " ind2=" ">
    <subfield code="a">B-067395</subfield>
  </datafield>
  <datafield tag="037" ind1=" " ind2=" ">
    <subfield code="b">Cen Lib/Ret</subfield>
  </datafield>
  <datafield tag="040" ind1=" " ind2=" ">
    <subfield code="a">DPL</subfield>
    <subfield code="b">HN</subfield>
  </datafield>
  <datafield tag="082" ind1=" " ind2=" ">
    <subfield code="a">005.631</subfield>
    <subfield code="b">&#x91F;&#x902;&#x915;&#x93E;&#x936;&#x948; </subfield>
  </datafield>
  <datafield tag="100" ind1=" " ind2=" ">
    <subfield code="a">&#x91F;&#x902;&#x915;&#x93E;, &#x936;&#x948;&#x932;&#x947;&#x936; </subfield>
    <subfield code="9">99187</subfield>
  </datafield>
  <datafield tag="245" ind1=" " ind2=" ">
    <subfield code="a">&#x92E;&#x93E;&#x907;&#x915;&#x94D;&#x930;&#x94B;&#x938;&#x949;&#x92B;&#x94D;&#x91F; &#x935;&#x930;&#x94D;&#x921; 2000 /</subfield>
    <subfield code="c">&#x936;&#x948;&#x932;&#x947;&#x936; &#x91F;&#x93E;&#x902;&#x915;&#x93E;,  &#x92C;&#x93F;&#x91C;&#x932;  &#x932;&#x94B;&#x91F;&#x93F;&#x92F;&#x93E; [&#x90F;&#x935;&#x902;] &#x92A;&#x93E;&#x92F;&#x932; &#x932;&#x94B;&#x91F;&#x93F;&#x92F;&#x93E; </subfield>
  </datafield>
  <datafield tag="246" ind1=" " ind2=" ">
    <subfield code="a">Microsoft world 2000 /</subfield>
    <subfield code="b">by Shailesh Tanka, Bijay Lotiya [evam] Payal lotiya </subfield>
  </datafield>
  <datafield tag="260" ind1=" " ind2=" ">
    <subfield code="a">&#x928;&#x94D;&#x92F;&#x942; &#x926;&#x93F;&#x932;&#x94D;&#x932;&#x940; </subfield>
    <subfield code="b">&#x92C;&#x940; &#x92A;&#x940; &#x92C;&#x940; &#x92A;&#x92C;&#x94D;&#x932;&#x93F;&#x915;&#x947;&#x936;&#x928; </subfield>
    <subfield code="c">2001</subfield>
  </datafield>
  <datafield tag="270" ind1=" " ind2=" ">
    <subfield code="b">&#x928;&#x94D;&#x92F;&#x942; &#x926;&#x93F;&#x932;&#x94D;&#x932;&#x940;  </subfield>
    <subfield code="a">&#x92C;&#x940;- 14 &#x915;&#x928;&#x93E;&#x91F; &#x92A;&#x94D;&#x932;&#x947;&#x938; </subfield>
    <subfield code="e">110001 </subfield>
  </datafield>
  <datafield tag="300" ind1=" " ind2=" ">
    <subfield code="a">vi,336&#x92A;&#x943;. </subfield>
    <subfield code="c">19&#x938;&#x947;&#x92E;&#x940;(&#x938;&#x91C;&#x93F;&#x932;&#x94D;&#x926; ) </subfield>
  </datafield>
  <datafield tag="650" ind1=" " ind2=" ">
    <subfield code="a">&#x915;&#x902;&#x92A;&#x94D;&#x92F;&#x942;&#x91F;&#x930; &#x935;&#x93F;&#x91C;&#x94D;&#x91E;&#x93E;&#x928; </subfield>
    <subfield code="x"> </subfield>
    <subfield code="z"> </subfield>
    <subfield code="9">99188</subfield>
  </datafield>
  <datafield tag="650" ind1=" " ind2=" ">
    <subfield code="a">&#x915;&#x902;&#x92A;&#x94D;&#x92F;&#x942;&#x91F;&#x930; &#x935;&#x93F;&#x91C;&#x94D;&#x91E;&#x93E;&#x928; -- &#x92E;&#x93E;&#x907;&#x915;&#x94D;&#x930;&#x94B;&#x938;&#x949;&#x92B;&#x94D;&#x91F; &#x935;&#x930;&#x94D;&#x921; 2000 </subfield>
    <subfield code="9">99189</subfield>
  </datafield>
  <datafield tag="650" ind1=" " ind2=" ">
    <subfield code="a">Computer Science</subfield>
    <subfield code="9">99190</subfield>
  </datafield>
  <datafield tag="650" ind1=" " ind2=" ">
    <subfield code="a">Computer Science - Microsoft Word 2000</subfield>
    <subfield code="9">86690</subfield>
  </datafield>
  <datafield tag="700" ind1=" " ind2=" ">
    <subfield code="a">&#x932;&#x94B;&#x91F;&#x93F;&#x92F;&#x93E;, &#x92C;&#x93F;&#x91C;&#x932; </subfield>
    <subfield code="9">99191</subfield>
  </datafield>
  <datafield tag="700" ind1=" " ind2=" ">
    <subfield code="a">&#x932;&#x94B;&#x91F;&#x93F;&#x92F;&#x93E;, &#x92A;&#x93E;&#x92F;&#x932; </subfield>
    <subfield code="9">99192</subfield>
  </datafield>
  <datafield tag="942" ind1=" " ind2=" ">
    <subfield code="2">ddc</subfield>
    <subfield code="c">HN</subfield>
    <subfield code="h">005.631</subfield>
    <subfield code="m">&#x91F;&#x902;&#x915;&#x93E;&#x936;&#x948; </subfield>
  </datafield>
  <datafield tag="999" ind1=" " ind2=" ">
    <subfield code="c">121533</subfield>
    <subfield code="d">121533</subfield>
  </datafield>
  <datafield tag="952" ind1=" " ind2=" ">
    <subfield code="0">0</subfield>
    <subfield code="1">0</subfield>
    <subfield code="4">0</subfield>
    <subfield code="7">0</subfield>
    <subfield code="a">L</subfield>
    <subfield code="b">L</subfield>
    <subfield code="d">2015-10-09</subfield>
    <subfield code="e">Cen Lib/Ref</subfield>
    <subfield code="g">0.00</subfield>
    <subfield code="l">0</subfield>
    <subfield code="o">005.631 &#x91F;&#x902;&#x915;&#x93E;&#x936;&#x948;</subfield>
    <subfield code="p">B-067395</subfield>
    <subfield code="r">2015-10-09 00:00:00</subfield>
    <subfield code="t">1</subfield>
    <subfield code="v">0.00</subfield>
    <subfield code="w">2015-10-09</subfield>
    <subfield code="y">HN</subfield>
    <subfield code="z">Legal Case (Register No. 2019)</subfield>
  </datafield>
</record>
